| 000 -LEADER |
| fixed length control field |
01565cam a22003854a 4500 |
| 001 - CONTROL NUMBER |
| control field |
14381852 |
| 003 - CONTROL NUMBER IDENTIFIER |
| control field |
NUST |
| 005 - DATE AND TIME OF LATEST TRANSACTION |
| control field |
20220420121119.0 |
| 008 - FIXED-LENGTH DATA ELEMENTS--GENERAL INFORMATION |
| fixed length control field |
060518r20062004mau b 001 0 eng |
| 010 ## - LIBRARY OF CONGRESS CONTROL NUMBER |
| LC control number |
2006014922 |
| 020 ## - INTERNATIONAL STANDARD BOOK NUMBER |
| International Standard Book Number |
9781590303078 (pbk. : alk. paper) |
| 038 ## - RECORD CONTENT LICENSOR |
| Staff Name |
waseem |
| 040 ## - CATALOGING SOURCE |
| Original cataloging agency |
DLC |
| Transcribing agency |
DLC |
| Modifying agency |
DLC |
| 042 ## - AUTHENTICATION CODE |
| Authentication code |
pcc |
| 050 00 - LIBRARY OF CONGRESS CALL NUMBER |
| Classification number |
HQ773.6 |
| Item number |
.D54 2006 |
| 082 00 - DEWEY DECIMAL CLASSIFICATION NUMBER |
| Classification number |
306.874087 |
| Edition number |
22 |
| 245 12 - TITLE STATEMENT |
| Title |
A different kind of perfect : |
| Remainder of title |
writings by parents on raising a child with special needs / |
| Statement of responsibility, etc. |
edited by Bernadette Thomas and Cindy Dowling ; chapter introductions by Neil Nicoll. |
| 250 ## - EDITION STATEMENT |
| Edition statement |
1st Trumpeter ed. |
| 260 ## - PUBLICATION, DISTRIBUTION, ETC. |
| Place of publication, distribution, etc. |
Boston : |
| Name of publisher, distributor, etc. |
Trumpeter, |
| Date of publication, distribution, etc. |
2006. |
| 300 ## - PHYSICAL DESCRIPTION |
| Extent |
xvii, 262 p. ; |
| Dimensions |
24 cm. |
| 500 ## - GENERAL NOTE |
| General note |
Originally published: Lessons from my child. Lane Cove, NSW : Finch, c2004. |
| 504 ## - BIBLIOGRAPHY, ETC. NOTE |
| Bibliography, etc. note |
Includes bibliographical references and index. |
| 563 ## - BINDING INFORMATION |
| Binding note |
PBK. |
| 650 #0 - SUBJECT ADDED ENTRY--TOPICAL TERM |
| Topical term or geographic name entry element |
Children with disabilities |
| General subdivision |
Family relationships. |
| 9 (RLIN) |
91084 |
| 650 #0 - SUBJECT ADDED ENTRY--TOPICAL TERM |
| Topical term or geographic name entry element |
Children with disabilities |
| General subdivision |
Care. |
| 9 (RLIN) |
91085 |
| 650 #0 - SUBJECT ADDED ENTRY--TOPICAL TERM |
| Topical term or geographic name entry element |
Parents of children with disabilities. |
| 9 (RLIN) |
91086 |
| 650 #0 - SUBJECT ADDED ENTRY--TOPICAL TERM |
| Topical term or geographic name entry element |
Parent and child. |
| 9 (RLIN) |
45973 |
| 650 #0 - SUBJECT ADDED ENTRY--TOPICAL TERM |
| Topical term or geographic name entry element |
Parenting. |
| 9 (RLIN) |
1867 |
| 700 1# - ADDED ENTRY--PERSONAL NAME |
| Personal name |
Thomas, Bernadette, |
| Dates associated with a name |
1960- |
| 9 (RLIN) |
91087 |
| 700 1# - ADDED ENTRY--PERSONAL NAME |
| Personal name |
Dowling, Cindy. |
| 9 (RLIN) |
91088 |
| 856 41 - ELECTRONIC LOCATION AND ACCESS |
| Materials specified |
Table of contents only |
| Uniform Resource Identifier |
<a href="http://www.loc.gov/catdir/toc/fy0712/2006014922.html">http://www.loc.gov/catdir/toc/fy0712/2006014922.html</a> |
| 906 ## - LOCAL DATA ELEMENT F, LDF (RLIN) |
| a |
7 |
| b |
cbc |
| c |
orignew |
| d |
1 |
| e |
ecip |
| f |
20 |
| g |
y-gencatlg |
| 942 ## - ADDED ENTRY ELEMENTS (KOHA) |
| Source of classification or shelving scheme |
|
| Koha item type |
Book |